Matemática 6
Uloženo v:
| Hlavní autoři: | , |
|---|---|
| Médium: | Kniha |
| Jazyk: | španělština |
| Vydáno: |
Santiago
Santillana del Pacífico
1982
|
| Témata: | |
| Tagy: |
Přidat tag
Žádné tagy, Buďte první, kdo vytvoří štítek k tomuto záznamu!
|
MARC
| LEADER | 00000nam a2200000 a 4500 | ||
|---|---|---|---|
| 001 | UCW3481 | ||
| 003 | CL-VaPUC | ||
| 008 | 880926e19820000CL |||||||||||||||||spa|d | ||
| 082 | 0 | 4 | |a 372.7 |b LIL |2 21 |
| 100 | |a Lillo Troncoso, María Ludovisa |e autora |9 350939 | ||
| 700 | |a Heras Karl, Rodrigo E. de las |e author |9 541891 | ||
| 245 | 1 | 0 | |a Matemática 6 |
| 300 | |a 168 p | ||
| 942 | |c BK | ||
| 945 | |d 19880926 00:00:00 | ||
| 260 | |a Santiago |b Santillana del Pacífico |c 1982 | ||
| 650 | 0 | |a Matemática |9 260235 | |
| 650 | 0 | |a Libros de texto |9 270019 | |
| 583 | |a last modification |c 19880926 00:00:00 |k Rodrigo Vera | ||
| 999 | |c 217460 |d 217458 | ||
| 952 | |0 0 |1 0 |4 0 |6 372_700000000000000_LIL_1982 |7 0 |8 P |9 205089 |a BIBEDU |b BIBEDU |c BIBEDU_PB |d 2019-11-15 |i 2730405 |o 372.7 LIL 1982 |p 2730405 |r 2024-01-25 |w 2019-11-15 |y BK |k EDU | ||
| 952 | |0 0 |1 0 |4 0 |6 372_700000000000000_LIL_1982 |7 0 |8 P |9 205091 |a BIBEDU |b BIBEDU |d 2019-11-15 |i 1549081 |o 372.7 LIL 1982 |p 1549081 |r 2019-11-15 |w 2019-11-15 |y BK |k EDU | ||